000 00914nam a22003017a 4500
003 CHAP
005 20220329140309.0
008 971013s1979 r 00010 d
010 _a49949
011 _a50921
035 _a55071
040 _cCHAP
082 _a636.089
_bR6
100 0 0 _aRodrĂ­guez, Osvaldo N.
_999008
245 _aMedicina interna
260 _aLa Habana :
_bInstituto Superior de Ciencias Agropecuarias,
_c1979-19
300 _av.
500 _aLa biblioteca tiene : v.1
590 _aBATCH-UPD
_b10
_c20130110
_lUCH01
_h0820
590 _aBATCH-UPD
_b10
_c20130410
_lUCH01
_h0457
590 _aBATCH-UPD
_b10
_c20130914
_lUCH01
_h1904
590 _aCONVERSION
_b10
_c20130109
_lUCH01
_h1327
650 1 4 _aPatologĂ­a veterinaria.
_986194
650 1 4 _aVeterinaria.
_9118987
901 _aBK
942 _cLIBRO
949 _a636.089 R6
_bBC
_cLIBRO
_d33724000278107
_eLIBRO
_fv.1
_h70606
_i55071
_si
999 _c49949
_d49949